书目信息 |
| 题名: |
农村办沼气
|
|
| 作者: | ;四川省推广沼气领导小组办公室 编著 | |
| 分册: | ||
| 出版信息: | 北京 科学出版社 1975 |
|
| 页数: | 134页 | |
| 开本: | 19cm | |
| 丛书名: | ||
| 单 册: | ||
| 中图分类: | S216.4 | |
| 科图分类: | ||
| 主题词: | 甲烷-应用-农业 , 农业-甲烷-应用 | |
| 电子资源: | ||
| ISBN: | ||
| 000 | 00679nam0 2200229 45 | |
| 001 | 0175002815 | |
| 005 | 20060731173703.43 | |
| 010 | @dCNY0.30 | |
| 100 | @a19951014d1975 em y0chiy0121 ea | |
| 101 | 0 | @achi |
| 102 | @aCN@b110000 | |
| 105 | @ay z 000yy | |
| 200 | 10 | @a农村办沼气@Anong cun ban zhao qi@f四川省推广沼气领导小组办公室编著 |
| 210 | @a北京@c科学出版社@d1975 | |
| 215 | @a134页@d19cm | |
| 606 | @a甲烷-应用-农业 | |
| 606 | @a农业-甲烷-应用 | |
| 690 | @aS216.4@v3 | |
| 711 | 02 | @a四川省推广沼气领导小组办公室@Asi chuan sheng tui guang zhao qi ling dao xiao zu ban gong shi@4编著 |
| 801 | 2 | @aCN@bNLC@c20060731 |
| 801 | 0 | @aCN@bTSSF |
| 905 | @a10447@dS216.4@e28 | |
| 农村办沼气/四川省推广沼气领导小组办公室编著.-北京:科学出版社,1975 |
| 134页;19cm |
| ISBN :CNY0.30 |
| ● |
| 相关链接 |
|
|
|
|
正题名:农村办沼气
索取号:S216.4/28
 
预约/预借
| 序号 | 登录号 | 条形码 | 馆藏地/架位号 | 状态 | 备注 |
| 1 | 0439229 | 204392291 | 密集书库/ [索取号:S216.4/28] | 在馆 |